| 000 | 01289aam a2200457 i 4500 | ||
|---|---|---|---|
| 001 | vtls000763784 | ||
| 003 | PNM | ||
| 005 | 20201112144753.0 | ||
| 008 | 150205s2015 my j 000 1 may | ||
| 015 | _aM15-01553 | ||
| 020 |
_a9789838916929 _qset |
||
| 020 |
_a9789838916950 _qpaperback |
||
| 039 | 9 |
_a201511011453 _bfaezah _c201503161216 _dmanoriah _c201503080917 _dzuraidahm |
|
| 040 |
_aBNM _beng _bBNM _cPNM _erda _dPPAK |
||
| 049 | _aklpmal | ||
| 082 | 0 | 4 |
_a499.2386 _223 |
| 090 | 0 | 0 |
_a499.2386 _bJAM _dK |
| 100 | 0 |
_aJamilah Alias _eauthor. |
|
| 245 | 1 | 0 |
_aMawar Cerewet / _cJamilah Alias |
| 264 | 1 |
_aKuala Lumpur : _bPENERBIT ORKID, _c2015 |
|
| 300 |
_a50 pages : _billustration(black and white) ; _c22 cm. |
||
| 336 |
_atext _2rdacontent |
||
| 337 |
_aunmediated _2rdamedia |
||
| 338 |
_avolume _2rdacarrier |
||
| 490 | 1 | _aSIRI CERPEN KESUMA | |
| 500 | _aIncludes questions. | ||
| 650 | 1 | 0 |
_aMalay language _vReaders |
| 650 | 2 | 0 | _aShort stories, Malay |
| 830 | 0 | _aSiri cerpen kesuma | |
| 942 |
_2ddc _cB |
||
| 949 | _61001266767 | ||
| 949 | _61001266768 | ||
| 949 | _61001266769 | ||
| 949 | _61001266770 | ||
| 949 | _61001266771 | ||
| 949 | _61001266772 | ||
| 949 | _61001266773 | ||
| 949 | _61001266774 | ||
| 949 | _61001266775 | ||
| 949 | _61001266776 | ||
| 999 |
_c179856 _d179856 |
||